Statistiques concernant mythologie scandinave

Cliquez ici pour prendre le quiz!

Statistiques générales

  • Ce quiz a été pris 122 fois
  • Le résultat moyen est 6 sur 14

Statistiques - réponses

indicscharacters% Correct
dieu du tonnerreThor
99%
roi de la mythologie et des AsesOdin
97%
dieu mensonge ruse et tromperieLoki
93%
déesse des enfers et des mortsHel
60%
protecteur des dieux et du bifrostHeimdall
48%
déesse de l'amour et de la beautéFreyja
38%
dieu de la fertilité du soleil et de la pluieFreyr
38%
dieu de la justice et des sermentsTyr
38%
dieu de la lumière beauté et jeunesseBaldr
33%
déesse amour, famille, foyer, mariageFrigg
25%
dieu des mers des océans et navigationNjord
22%
dieu de la poésieBragi
13%
déesse de l'immortalitéIdunn
13%
déesse de la chasse forêt et hiverSkadi
13%

Distribution des résultats

Percentile par nombre de réponses

% des personnes avec chaque résultat

Votre développement - résultats

Vous n’avez pas pris ce quiz